Chinese elemental astrology

Bibliographic Details
Main Author: Crawford, E.A
Other Authors: Kennedy, Teresa
Format: Book
Published: Selangor : Pelanduk Pub , 1993
Subjects:

MARC

LEADER 00000cam a2200000 7i4500
001 0000002390
002 000002602
005 20000330.0
020 |a 9679783790 
090 0 0 |a 133.5089951   |b CRA 
100 1 |a Crawford, E.A 
245 1 0 |a Chinese elemental astrology   |c E.A. Crawford & Teresa Kennedy 
260 |a Selangor :   |b Pelanduk Pub ,   |c 1993 
300 |a 252p. :   |b ill. ;   |c 18cm. 
650 0 0 |a Astrology, Chinese 
700 1 |a Kennedy, Teresa 
999 |a 034916   |b BUKU   |c PINJAMAN   |e PERPUSTAKAAN KOMUNITI PETALING JAYA 
999 |a 036783   |b BUKU   |c PINJAMAN   |e PERPUSTAKAAN KOMUNITI PETALING JAYA